000 01567nam0a22002771 4500
001 rc\2968937
005 20250530000811.0
035 _a(NLR Aleph) 007115207
090 _a6807333
_c6807333
100 _a20071207d1933 |||y0rusy50 ca
101 0 _arus
102 _aRU
105 _ay z ||||y
200 1 _aБюджетная система Союза ССР
_eСборник общесоюзного законодательства
_hЧ. 1
_iЕдиный государственный бюджет СССР
_hЧ. 2
_iМестные финансы и местное хозяйство
_fСост. С. Глезин
_gПод ред. и со вступ. статьей М. Ветошкина
205 _a2-е изд., пересм. и доп. на 1 июня 1933 г.
210 _aМосква
_cВласть Советов
_d1933
_gтипо-литогр. им. Воровского
215 _aОбл., XXIV, 380 с.
_d22х15 см
464 0 _12001#$aОсновные этапы развития бюджетно-финансовой системы
_1700#1$aВетошкин$bМ.К.$gМихаил Кузьмич$4070
_tОсновные этапы развития бюджетно-финансовой системы
_aВетошкин, Михаил Кузьмич
700 1 _aГлезин
_bС.С.
_gСамуил Соломонович
702 1 _aВетошкин
_bМ.К.
_gМихаил Кузьмич
_4340
801 0 _aRU
_bNLR
_gpsbo
801 1 _aRU
_bELAR
_2rusmarc
852 _aNLR
_j33-4/1519
852 _aNLR
_jЭк64 В-5/9
942 _cBOOK
980 _aNB